STN EN 60974-5: 2008 (05 2205) Zariadenia na oblúkové zváranie Časť 5 Podávače drôtu

Táto norma je slovenskou verziou európskej normy EN 60974-5: 2008. Má rovnaké postavenie ako majú oficiálne verzie

Bibliographic Details
Corporate Author: INFOSERVIS (Krompachy, Slovensko) (Author)
Other Authors: Čatlošová, Gabriela (Translator), Čatloš, Marcel (Translator)
Format: Book
Language:Slovak
English
PhysicalDescription:20 s. obr. 30 cm
Published: Bratislava Slovenský ústav technickej normalizácie 2008
Subjects:

MARC

LEADER 00000nam a2200000 a 4500
001 vtls009830256
003 SK-MaSNL
005 20260302080906.0
008 130117s2008 xo k f u 000 0 slo
015 |a SNBN2011/01-00846 
020 |c (cen. skup. 11) 
035 |a (SVKBBclas03)vtls000296530 
040 |a SNK  |b slo  |c SNK  |e AACR2 
041 1 |a slo  |h eng 
044 |a xo  |c SK 
046 |a s  |m 200808 (účin.) 
072 7 |a 621  |x Strojárstvo  |2 konspekt 
080 |a 621.791.75  |2 2001 
080 |a 006.7/.8  |2 2001 
080 |a (437.6)  |2 2001 
080 |a (4)  |2 2001 
084 |a 25.160  |2 ICS 
130 0 |a STN 05 2205 (STN EN 60974-5)  |9 745675 
245 1 0 |a STN EN 60974-5: 2008 (05 2205) Zariadenia na oblúkové zváranie  |n Časť 5  |p Podávače drôtu  |c spracovateľ INFOSERVIS, Krompachy, Gabriela Čatlošová, Marcel Čatloš 
246 1 0 |a Zariadenia na oblúkové zváranie. Časť 5 
246 1 0 |a Podávače drôtu 
246 3 |a EN 60974-5: 2008 E 
260 |a Bratislava  |b Slovenský ústav technickej normalizácie  |c 2008 
300 |a 20 s.  |b obr.  |c 30 cm 
500 |a Súbežný názov v angličtine, francúzštine, nemčine 
500 |a Táto norma nahrádza STN EN 60974-5 z januára 2004 v celom rozsahu. STN EN 60974-5 z januára 2004 sa môže súbežne s touto normou používať do 1.2.2011 
520 8 |a Táto norma je slovenskou verziou európskej normy EN 60974-5: 2008. Má rovnaké postavenie ako majú oficiálne verzie 
540 |a STN vydané na akomkoľvek nosiči sa môžu rozmnožovať a rozširovať iba so súhlasom určenej právnickej osoby  |b SÚTN Bratislava  |c zákon 264/1999 Z.z. 
650 0 7 |a zváranie elektrickým oblúkom  |2 SVKBBPH  |9 82005 
650 0 7 |a podávače drôtu  |2 SVKBBPH  |9 745676 
650 0 7 |a technické normy a štandardy  |z Slovensko  |2 SVKBBPH  |9 79594 
650 0 7 |a technické normy a štandardy  |z krajiny Európskej únie  |2 SVKBBPH  |9 289341 
655 7 |a normy  |2 SVKBBPH  |9 70643 
700 1 |a Čatlošová, Gabriela  |4 trl  |9 297358 
700 1 |a Čatloš, Marcel  |4 trl  |9 291773 
710 2 |a Slovenský ústav technickej normalizácie (Bratislava, Slovensko).  |b TK 11 Zváranie a príbuzné procesy  |4 stn  |9 323784 
710 2 |a INFOSERVIS (Krompachy, Slovensko)  |4 aut  |9 297359 
774 1 8 |t STN EN 60974-5: 2004  |d Bratislava : Slovenský ústav technickej normalizácie, 2004  |w vtls000225175 
958 |a OP 
999 |c 1174629  |d 1176559 
952 |a SNK  |b SNK  |y PREZ  |7 0  |p 17A0602529  |o snkSTN EN 60974-5  |i snk2008/20207  |8 0  |0 0  |1 0  |4 0  |d 2008-10-22  |l 0  |r 2026-02-24 21:18:15  |w 2026-02-24 
952 |a SNK  |b SNK  |y PREZ  |7 0  |p 17A0602530  |o snkSTN EN 60974-5 D1  |i snk2008/20208  |8 0  |0 0  |1 0  |4 0  |d 2008-10-22  |l 0  |r 2026-02-24 21:18:15  |w 2026-02-24